| 000 | 00535nam a2200181Ia 4500 | ||
|---|---|---|---|
| 003 | IN-BaIIA | ||
| 008 | 211028s9999 xx 000 0 eng d | ||
| 040 | _cIIA Library | ||
| 080 |
_a523.68 _bRES |
||
| 245 | 0 |
_aResearches on meteorites _cedited by Carleton B.Moore |
|
| 260 |
_aNew York _bJohn Wiley & Sons _c1962 |
||
| 300 | _axii, 227p. | ||
| 650 | _aAstronomy and astrophysics thesaurus | ||
| 650 | _aMeteorites | ||
| 650 | _aMeteors | ||
| 700 |
_aMoore, Carleton B., ed. _94015 |
||
| 942 | _cBK | ||
| 999 |
_c2225 _d2225 |
||